Datum a čas kvízu
30.5
Celkem bodů
Celkový počet nahraných bodů na tomto kvízu bez doplňovacích otázek.
6.
Pořadí na kvízu
Konečné umístění týmu na tomto kvízu.
Zaznamenané odpovědi
| # | Otázka | Odpověď | Body | Výsledky |
|---|---|---|---|---|
| 1. | Která česká politička se stala... | Markéta Pekarová-Adamová | 0 | |
| 2. | Ve středu se do vesmíru po něk... | Atlas | 0 | |
| 3. | Ve čtvrtek 6. června si na půd... | D) sklářství | 1 | |
| 4. | Nejnovější mobilní asistenční... | Gemini | 1 | |
| 5. | Mezinárodní hokejová federace... | chránič krku | 1 | |
| 6. | Dostanete vždy pět indicií, k... | Idiot | 0 | |
| 7. | Irsko – strom – Estragon – Nob... | Čekání na Godota | 0 | |
| 8. | Nashville – Felis – žár – Puli... | Kočka na rozpálené plechové střeše | 0 | |
| 9. | 3 sirotci – nevyléčitelná nemo... | Román pro muže | 0 | |
| 10. | Karviná – kronika – sv. Petr... | Šikmý kostel | 1 |